Fast Typing 1-50 in word form - Statistics

General Stats
  • This quiz has been taken 17 times
  • The average score is 34 of 50
Answer Stats
Answer % Correct
Eight
100%
Eleven
100%
Fifty
100%
Five
100%
Four
100%
Fourteen
100%
Nine
100%
One
100%
Seven
100%
Seventeen
100%
Six
100%
Sixteen
100%
Ten
100%
Thirty
100%
Three
100%
Twelve
100%
Two
100%
Eightteen
91%
Nineteen
91%
Twenty
91%
Twenty One
91%
Twenty Two
91%
Thirteen
82%
Twenty Three
82%
Fifteen
73%
Thirty One
64%
Twenty Five
64%
Twenty Four
64%
Thirty Four
55%
Thirty Two
55%
Forty
45%
Thirty Five
45%
Thirty Six
45%
Thirty Three
45%
Twenty Eight
45%
Twenty Nine
45%
Twenty Seven
45%
Twenty Six
45%
Forty One
36%
Thirty Eight
36%
Thirty Nine
36%
Thirty Seven
36%
Forty Five
27%
Forty Seven
27%
Forty Six
27%
Forty Two
27%
Forty Eight
18%
Forty Four
18%
Forty Three
18%
Forty Nine
9%
No matching quizzes found
Score Distribution
Percent of People with Each Score
Percentile by Number Answered
Your Score History
You have not taken this quiz